A Hilbert space problem book
Uloženo v:
| Hlavní autor: | |
|---|---|
| Médium: | Kniha |
| Jazyk: | angličtina |
| Vydáno: |
Princeton
D. Van Nostrand
1967
|
| Edice: | The University Series in Higher Mathematics
|
| Témata: | |
| Tagy: |
Přidat tag
Žádné tagy, Buďte první, kdo vytvoří štítek k tomuto záznamu!
|
MARC
| LEADER | 00000nam a2200000 a 4500 | ||
|---|---|---|---|
| 001 | UCW1196 | ||
| 003 | CL-VaPUC | ||
| 008 | 911211e19670000US |||||||||||||||||eng|d | ||
| 082 | 0 | 4 | |a 515.73 |b HAL |2 21 |
| 100 | |a Halmos, Paul Richard |e author |9 591370 | ||
| 245 | 1 | 2 | |a A Hilbert space problem book |
| 300 | |a 365 p | ||
| 942 | |c BK | ||
| 945 | |d 19911211 00:00:00 | ||
| 260 | |a Princeton |b D. Van Nostrand |c 1967 | ||
| 650 | 0 | |a Espacio de Hilbert |9 260141 | |
| 583 | |a last modification |c 20120529 12:01:54 |k Rodrigo Vera | ||
| 490 | 0 | |a The University Series in Higher Mathematics | |
| 999 | |c 216115 |d 216113 | ||
| 952 | |0 0 |1 0 |4 0 |6 515_730000000000000_HAL_1967 |7 0 |8 A |9 201588 |a BIBMAT |b BIBMAT |d 2019-11-14 |i 2688549 |o 515.73 HAL 1967 |p 2688549 |r 2025-01-07 |w 2019-11-14 |y BK |k MAT | ||